Language Quiz

Random Language Quiz
Score 0/10 Timer 03:00
0 Plays Today
Clue Word % Correct
American actor, _____ EstevezEmilio
90.5%
1995's Gangsta's Paradise hit single American rapper/actor Coolio
81%
Famous Spanish singer, father of Enrique; _____ IglesiasJulio
81%
Spanish for CorneliusCornelio
81%
Infantile paralysisPolio
71.4%
A briefcase or a range of investments held by a person/organizationPortfolio
71.4%
Colloquia term for dealDealio
66.7%
Romeo's cousin in Shakespeare's Romeo and JulietBenvolio
33.3%
Siena, Italy most famous horse racePalio
19%
Character in the operas The Barber of Seville and The Marriage of FigaroBasilio
14.3%
Come Together.
Have Fun.
All Virtual.
We all need to come together. Play Sporcle's virtual live trivia to have fun, connect with people, and get your trivia on. Join a live hosted trivia game for your favorite pub trivia experience done virtually. If a virtual private party is more your thing, go here for details.

You're not logged in!

Compare scores with friends on all Sporcle quizzes.
OR
Log In

Sporcle TV

Today on Sporcle TV


Watch our educational content, quiz creation guides, and fun videos on Sporcle TV.

Show Comments

Extras

Created Jan 27, 2016ReportNominate
Tags:Ending

Top Quizzes Today


Score Distribution

Paid Content

Your Account Isn't Verified!

In order to create a playlist on Sporcle, you need to verify the email address you used during registration. Go to your Sporcle Settings to finish the process.

Report this User

Report this user for behavior that violates our Community Guidelines.

Details: